Chicken Soup For The Soul (Record no. 324617)
[ view plain ]
| 000 -LEADER | |
|---|---|
| fixed length control field | 00427nam a2200157Ia 4500 |
| 008 - FIXED-LENGTH DATA ELEMENTS--GENERAL INFORMATION | |
| fixed length control field | 230718s9999 xx 000 0 und d |
| 041 ## - LANGUAGE CODE | |
| Language code of text/sound track or separate title | eng |
| 082 ## - DEWEY DECIMAL CLASSIFICATION NUMBER | |
| Classification number | 814.54'46 |
| Item number | CAN |
| 100 ## - MAIN ENTRY--PERSONAL NAME | |
| Personal name | Canfield J. |
| 245 ## - TITLE STATEMENT | |
| Title | Chicken Soup For The Soul |
| 260 ## - PUBLICATION, DISTRIBUTION, ETC. (IMPRINT) | |
| Date of publication, distribution, etc. | 2009 |
| Name of publisher, distributor, etc. | Mehta Publishing House |
| 300 ## - PHYSICAL DESCRIPTION | |
| Extent | 226 |
| 365 ## - TRADE PRICE | |
| Currency code | Rs. |
| Price amount | 160.00 |
| 700 ## - ADDED ENTRY--PERSONAL NAME | |
| Personal name | Canfield J. & Hansen M.V. |
| 906 ## - LOCAL DATA ELEMENT F, LDF (RLIN) | |
| d | O:0077323-Mar-2010B:233518-Mar-2010 |
| c | MAR |
| b | 32 |
| Withdrawn status | Lost status | Damaged status | Not for loan | Home library | Current library | Date acquired | Vendor | Budget Code | Cost, normal purchase price | Bill number | Total Checkouts | Full call number | Barcode | Date last seen | Date last checked out | Discount | Cost, replacement price | Bill Date | Koha item type | Original Barcode |
|---|---|---|---|---|---|---|---|---|---|---|---|---|---|---|---|---|---|---|---|---|
| Cummins College of Engineering for Women Pune | Cummins College of Engineering for Women Pune | 23/03/2010 | Om Book Stall | MAR | 128.00 | 2335 | 1 | 814.54'46 | CCEP-BK-35824 | 25/01/2024 | 20/11/2023 | 32 | 160.00 | 18/03/2010 | Books | 035824 |